000 00901cam a2200301 4500
008 090401t1994 xxu||||| |||| 00| 0 eng d
020 _a0863421768
035 _a(Sirsi) u13748
041 _aeng
050 _a711.4
245 _aIssues in the environmental appraisal of development plans: papers from a short course organised by School of Planning, Oxford Brookes University.
260 _aOxford
_bOxford Brookes University
_c1994
300 _aii,66p.
_bill.
_c30cm.
350 _a5
490 _aWorking Paper
_v153
650 _aDEVELOPMENT PLANS
650 _aEnvironment
_96238
650 _aENVIRONMENTAL APPRAISAL
650 _aMENDIP DC
650 _aNATIONAL RIVERS AUTHORITY
650 _aNRA
650 _aPPG12
650 _aSustainability
_96271
690 _aPLANNING LAW AND PRACTICE
700 _aWilson, Elizabeth
_xEditor
942 _n0
948 _c04/03/1997
999 _c87139
_d87139